000 00342nam a22001457a 4500
008 210312b ||||| |||| 00| 0 eng d
020 _a9780669471861
041 _aeng
080 _a37
082 _a37
100 _a37
101 _a25
245 _aWriters INC- Astudent Handbook for Writing and Learning
_cSebranek,P
942 _2udc
_cBK
999 _c56561
_d56561